World history volume II : 1500 to the present

Bibliographic Details
Other Authors: McComb, David
Format: Book
Published: Connecticut : The Dushkin Publishhing Group , 1993
Edition:3rd. edition
Subjects:

MARC

LEADER 00000cam a2200000 7i4500
001 0000001910
002 000002074
005 20000330.0
020 |a 561341355 
090 0 0 |a 905   |b WOR 
245 0 0 |a World history volume II :   |b 1500 to the present   |c Edited by David McComb 
250 |a 3rd. edition 
260 |a Connecticut :   |b The Dushkin Publishhing Group ,   |c 1993 
300 |a 240p ;   |c 28 cm. 
650 0 0 |a World history   |x Periodicals   |x Civilization,modern   |x Periodicals   |x Social problems   |x Periodicals 
700 1 |a McComb, David 
999 |a 033739   |b BUKU   |c PINJAMAN   |e PERPUSTAKAAN KOMUNITI PETALING JAYA